Marketing In 21st Century: (Record no. 186493)

MARC details
000 -LEADER
fixed length control field 00579nam a22001817a 4500
005 - DATE AND TIME OF LATEST TRANSACTION
control field 20220307150224.0
010 ## - LCCN (DPL NO)
LC control number ENG-131858
020 ## - INTERNATIONAL STANDARD BOOK NUMBER
International Standard Book Number 9788188568079
Terms of availability 595.00
035 ## - SYSTEM CONTROL NUMBER
System control number EN-115390
037 ## - SOURCE OF ACQUISITION
Source of stock number/acquisition DBAD/PUB
082 ## - DEWEY DECIMAL CLASSIFICATION NUMBER
Classification number 381.0954
Item number 1
245 ## - TITLE STATEMENT
Title Marketing In 21st Century:
Remainder of title Challenges & Opportunities
Statement of responsibility, etc Edited by Anitha H.S.
260 ## - PUBLICATION, DISTRIBUTION, ETC. (IMPRINT)
Place of publication, distribution, etc New Delhi
Name of publisher, distributor, etc Knowledge Plus
Date of publication, distribution, etc 2011
270 ## - ADDRESS
Address 6/15, Punjabi Bagh Extension
City New Delhi
Postal code 110026
300 ## - PHYSICAL DESCRIPTION
Extent viiiI, 222p.
Dimensions 22cm(hbk)
Other physical details Contributors
700 ## - ADDED ENTRY--PERSONAL NAME
Personal name S. Anitha S.
942 ## - ADDED ENTRY ELEMENTS (KOHA)
Source of classification or shelving scheme Dewey Decimal Classification
Item type English Books
Classification part 381.0954
Call number suffix MAR
Holdings
Withdrawn status Lost status Not for loan Collection code Home library Current library Date acquired Source of acquisition Cost, normal purchase price Full call number Barcode Copy number Cost, replacement price Koha item type
      Non-fiction Central Library Central Library 07/03/2022 DBAD/PUB 495.00 381.0954 MAR EN-115390 1 495.00 English Books

© Delhi Public Library
Hit Counter
free hit counter